[Event "AUTO-ADV-2572"]
[Site "http://www.queenalice.com/game.php?id=1085688"]
[Date "2012.7.22"]
[Round "1"]
[White "Peninha"]
[Black "Dcar"]
[Result "0-1"]
[WhiteElo "1680"]
[BlackElo "1806"]

1. e4 Nc6 2. d4 g6 3. Nc3 Bg7 4. Nf3 e6 5. Ng5 Nh6 6. Qf3 O-O 7. Be3 d5 8. e5
Nb4 9. O-O-O c6 10. a3 Na6 11. h4 f6 12. exf6 Rxf6 13. Qg3 Nf5 14. Qe5 Rf8 15.
Qf4 Nxe3 16. Qxe3 Nc7 17. g3 Nb5 18. Nxb5 cxb5 19. Bxb5 a6 20. Be2 b5 21. Bg4
Re8 22. Rde1 h5 23. Bxe6+ Bxe6 24. Nf3 Qb6 25. Ne5 Kh7 26. Rhg1 a5 27. c3 b4 28.
Qd2 b3 29. Re3 Ra7 30. f3 Rae7 31. g4 Bxg4 32. fxg4 Bh6 0-1

[Event "AUTO-ADV-2572"]
[Site "http://www.queenalice.com/game.php?id=1085689"]
[Date "2012.7.22"]
[Round "1"]
[White "Dcar"]
[Black "Peninha"]
[Result "1-0"]
[WhiteElo "1817"]
[BlackElo "1669"]

1. Nf3 d5 2. d4 Nc6 3. e3 Bg4 4. g3 Nf6 5. Bg2 Ne4 6. O-O e6 7. Nbd2 Bd6 8. Qe1
Qf6 9. Nxe4 dxe4 10. Nd2 Qh6 11. Nxe4 O-O 12. Nxd6 cxd6 13. c3 e5 14. dxe5 Nxe5
15. e4 Qh5 16. Qe3 Bh3 17. b3 Bxg2 18. Kxg2 Ng4 19. Qd4 Qxh2+ 20. Kf3 Qh5 21.
Re1 Nh2+ 22. Kg2 Nf3 23. Qe3 Nxe1+ 24. Qxe1 Rae8 25. c4 Re6 26. Bf4 g5 27. Bd2
g4 28. Bc3 f5 29. Qd2 Qh3+ 30. Kg1 Rxe4 31. Qg5+ Kf7 32. Qxf5+ Kg8 33. Qg5+ Kf7
34. Qf5+ Ke7 35. Qxe4+ Kd8 36. Ba5+ 1-0

[Event "AUTO-ADV-2572"]
[Site "http://www.queenalice.com/game.php?id=1085690"]
[Date "2012.7.22"]
[Round "1"]
[White "Peninha"]
[Black "APSHOOTER"]
[Result "1-0"]
[WhiteElo "1684"]
[BlackElo "1710"]

1. e4 d5 2. Nc3 d4 3. Nd5 e6 4. Nf4 e5 5. Nd5 Be6 6. Bc4 Nf6 7. Nf3 Bxd5 8. exd5
Nxd5 9. Nxe5 Bb4 10. Qe2 O-O 11. a3 Bc5 12. O-O Re8 13. Qf3 Re7 14. Bxd5 Nc6 15.
Bxc6 bxc6 16. Nxc6 Qd6 17. Nxe7+ Qxe7 18. Qxa8+ Qf8 19. Qxf8+ Kxf8 20. d3 g6 21.
b4 Bd6 22. Bb2 c5 23. bxc5 Bxc5 24. Rae1 Kg7 25. Re4 a5 26. c3 dxc3 27. Bxc3+ f6
28. Bxa5 Bxa3 29. Rb1 g5 30. Rb7+ Kg6 31. h4 h6 32. hxg5 hxg5 33. Rb6 Kf7 34.
Bc3 Be7 35. Rb7 1-0

[Event "AUTO-ADV-2572"]
[Site "http://www.queenalice.com/game.php?id=1085691"]
[Date "2012.7.22"]
[Round "1"]
[White "APSHOOTER"]
[Black "Peninha"]
[Result "1-0"]
[WhiteElo "1693"]
[BlackElo "1701"]

1. e4 e5 2. Nc3 Nc6 3. Nf3 Nf6 4. a3 Bc5 5. Bb5 a6 6. Bxc6 dxc6 7. Nxe5 O-O 8.
h3 Qd4 9. Nd3 Bb6 10. O-O Nxe4 11. Nxe4 Qxe4 12. Re1 Qg6 13. Nf4 Qd6 14. d3 Bf5
15. Be3 Rae8 16. b4 Qh6 17. Bxb6 Qxf4 18. Rxe8 Rxe8 19. Be3 Qh4 20. Qf3 Qf6 21.
Re1 Kf8 22. Bc5+ Re7 23. Bxe7+ Qxe7 24. Rxe7 Kxe7 25. c4 g6 26. d4 h5 27. d5
cxd5 28. Qxd5 c6 29. Qc5+ Kf6 30. Qb6 Bd3 31. Qxb7 Bxc4 32. Qxc6+ Kg7 33. Qxc4
g5 34. Qxa6 1-0

[Event "AUTO-ADV-2719"]
[Site "http://www.queenalice.com/game.php?id=1136599"]
[Date "2013.1.3"]
[Round "1"]
[White "Peninha"]
[Black "pacou93"]
[Result "1-0"]
[WhiteElo "1616"]
[BlackElo "1806"]

1. e4 e5 2. Nf3 Nf6 3. Nc3 Bb4 4. Nxe5 Bxc3 5. dxc3 Nxe4 6. Qf3 Nf6 7. Bc4 O-O
8. Bg5 d6 9. Rd1 Nbd7 10. Nxd7 Re8+ 11. Kd2 Bxd7 12. Kc1 Be6 13. Rhe1 Bg4 14.
Bxf6 Bxf3 15. Bxd8 Bxd1 16. Rxe8# 1-0

[Event "AUTO-ADV-2719"]
[Site "http://www.queenalice.com/game.php?id=1136600"]
[Date "2013.1.3"]
[Round "1"]
[White "pacou93"]
[Black "Peninha"]
[Result "0-1"]
[WhiteElo "1798"]
[BlackElo "1640"]

1. e4 e5 2. Nf3 Nc6 3. d4 d6 4. dxe5 dxe5 5. Bc4 Qxd1+ 6. Kxd1 h6 7. Nc3 Bg4 8.
h3 Bh5 9. g4 Bg6 10. a3 Nf6 11. Be3 Nxe4 12. Nh4 Rd8+ 13. Bd5 Nxc3+ 14. bxc3
Rxd5+ 15. Ke2 Bxc2 16. Ra2 Bd3+ 17. Kf3 e4+ 0-1

[Event "AUTO-ADV-2719"]
[Site "http://www.queenalice.com/game.php?id=1136601"]
[Date "2013.1.3"]
[Round "1"]
[White "Peninha"]
[Black "princesher"]
[Result "0-1"]
[WhiteElo "1626"]
[BlackElo "1785"]

1. g3 e5 2. Bg2 c5 3. Nc3 Nc6 4. Nd5 d6 5. e3 Be6 6. c3 Bxd5 7. Bxd5 Nge7 8. d4
Nxd5 9. e4 Nf6 10. d5 Na5 11. Qf3 c4 12. Ne2 h6 13. O-O g5 14. h3 Nd7 15. Be3 a6
16. b4 cxb3 17. axb3 Nxb3 18. Rab1 Na5 19. g4 b5 20. Ng3 Nc4 21. Nf5 Nxe3 22.
fxe3 f6 23. h4 Nb6 24. h5 Nc4 0-1

[Event "AUTO-ADV-2719"]
[Site "http://www.queenalice.com/game.php?id=1136602"]
[Date "2013.1.3"]
[Round "1"]
[White "princesher"]
[Black "Peninha"]
[Result "1-0"]
[WhiteElo "1775"]
[BlackElo "1636"]

1. e4 e5 2. Nf3 Nc6 3. Bb5 Nf6 4. Bxc6 dxc6 5. Nxe5 Bc5 6. f3 Qd4 7. Nd3 Bb6 8.
Qe2 O-O 9. Qe3 Qd6 10. Qf4 Qe7 11. g4 h6 12. h4 h5 13. g5 Nd7 14. c3 g6 15. b4
f6 16. gxf6 Rxf6 17. Qg5 Nf8 18. a4 Nh7 19. Qg3 Bd7 20. a5 Bf5 21. axb6 cxb6 22.
Ne5 Rd8 23. exf5 1-0

[Event "AUTO-ADV-2719"]
[Site "http://www.queenalice.com/game.php?id=1136603"]
[Date "2013.1.3"]
[Round "1"]
[White "Peninha"]
[Black "callende"]
[Result "0-1"]
[WhiteElo "1662"]
[BlackElo "1845"]

1. d4 d5 2. Nf3 e6 3. Nc3 Nf6 4. Ne5 Nc6 5. Nxc6 bxc6 6. e3 Bb4 7. a3 Bxc3+ 8.
bxc3 Ne4 9. Bb2 a5 10. Be2 Qf6 11. f3 Nd6 12. O-O Rb8 13. Rb1 Nb5 14. a4 Nd6 15.
Ba3 Bb7 16. e4 O-O 17. e5 Qg6 18. exd6 Rfc8 19. Bd3 f5 20. c4 Qf7 21. g4 Qd7 22.
c5 cxd6 23. cxd6 c5 24. dxc5 Qxa4 25. Bc1 fxg4 26. fxg4 Qd4+ 27. Rf2 Qxc5 28.
Bxh7+ Kxh7 29. Rb3 Rf8 30. Be3 Qxd6 31. Qd4 e5 32. Qd3+ e4 33. Qd4 Qd7 34. h3 a4
35. Rb1 a3 36. c4 a2 37. Rb6 Ra8 38. Rf1 Rxf1+ 39. Kxf1 a1=Q+ 40. Kf2 Rf8+ 41.
Ke2 Qf1+ 42. Kd2 Qd3+ 43. Qxd3 exd3 44. c5 d4 45. Bg1 Rf3 46. Rd6 Qe7 47. Bxd4
Qe2+ 48. Kc3 Qc2+ 49. Kb4 d2 50. Be5 Rb3+ 0-1

[Event "AUTO-ADV-2719"]
[Site "http://www.queenalice.com/game.php?id=1136604"]
[Date "2013.1.3"]
[Round "1"]
[White "callende"]
[Black "Peninha"]
[Result "1-0"]
[WhiteElo "1855"]
[BlackElo "1653"]

1. e4 e5 2. Nf3 Nc6 3. Bc4 Nf6 4. d3 d6 5. h3 Be7 6. Nc3 h6 7. Nh2 Nd4 8. O-O
O-O 9. Nd5 Nxd5 10. Bxd5 c6 11. Bc4 b5 12. Bb3 Nxb3 13. axb3 Qb6 14. Be3 c5 15.
Nf3 a5 16. Nd2 Ba6 17. b4 a4 18. Qg4 Bc8 19. Qg3 Be6 20. bxc5 dxc5 21. b4 Rad8
22. Qxe5 Rd4 23. c3 Rxd3 24. bxc5 Qc6 25. Rac1 f6 26. Qh5 Rxe3 27. fxe3 Bxc5 28.
Rf3 Ba3 29. Rcf1 Bf7 30. Qg4 Be6 31. Qg3 Bd6 32. Qh4 Be7 33. Rg3 Qxc3 34. Nb1
Qe5 35. Nd2 Qh5 36. Qxh5 a3 37. Qxb5 a2 38. Nb3 Kh7 39. Qa6 Bxb3 40. Qa7 Re8 41.
Ra1 Bf8 42. Rxa2 Bxa2 43. Qxa2 h5 44. e5 Rxe5 45. Qc2+ f5 46. Qc6 h4 47. Qg6+
Kg8 48. Rf3 Bc5 49. Kf2 Kh8 50. Qh5+ Kg8 51. Qxh4 Kf7 52. Qc4+ Kf6 53. g4 Bxe3+
54. Rxe3 1-0

[Event "AUTO-ADV-2797"]
[Site "http://www.queenalice.com/game.php?id=1164264"]
[Date "2013.3.24"]
[Round "1"]
[White "Peninha"]
[Black "thewhitebishop"]
[Result "0-1"]
[WhiteElo "1637"]
[BlackElo "1974"]

1. e4 Nf6 2. Nc3 d5 3. d3 d4 4. Nce2 e5 5. Nf3 c5 6. Nxe5 b5 7. Nf4 Qc7 8. Nf3
Bd6 9. e5 Bxe5 10. Nxe5 Qxe5+ 11. Be2 Bb7 12. O-O O-O 13. Bf3 Qc7 14. a4 b4 15.
a5 Nbd7 0-1

[Event "AUTO-ADV-2797"]
[Site "http://www.queenalice.com/game.php?id=1164265"]
[Date "2013.3.24"]
[Round "1"]
[White "thewhitebishop"]
[Black "Peninha"]
[Result "1-0"]
[WhiteElo "1971"]
[BlackElo "1640"]

1. d4 d5 2. c4 dxc4 3. e4 Nc6 4. d5 Ne5 5. Bf4 f6 6. Bxe5 fxe5 7. Qh5+ g6 8.
Qxe5 Nf6 9. Bxc4 Bh6 10. Nc3 Qd6 11. Qxd6 cxd6 12. f3 Bd7 13. Nge2 Rc8 14. b3
O-O 15. Nd4 a6 16. a4 1-0

[Event "AUTO-ADV-2797"]
[Site "http://www.queenalice.com/game.php?id=1164266"]
[Date "2013.3.24"]
[Round "1"]
[White "Peninha"]
[Black "jlpbarreto"]
[Result "0-1"]
[WhiteElo "1597"]
[BlackElo "2062"]

1. d4 Nf6 2. Nf3 e6 3. Nc3 d5 4. Ne5 Nbd7 5. Bf4 a6 6. g3 c5 7. Bh3 cxd4 8. Qxd4
Bc5 9. Qd3 Nxe5 10. Bxe5 Bd7 11. Rd1 Rc8 12. a3 Bb6 13. O-O Bc7 14. b4 Bxe5 15.
f4 Bxc3 0-1

[Event "AUTO-ADV-2797"]
[Site "http://www.queenalice.com/game.php?id=1164267"]
[Date "2013.3.24"]
[Round "1"]
[White "jlpbarreto"]
[Black "Peninha"]
[Result "1-0"]
[WhiteElo "2060"]
[BlackElo "1599"]

1. e4 e5 2. Nf3 Nc6 3. Bc4 d6 4. d4 f6 5. dxe5 fxe5 6. Bg5 Nf6 7. Nc3 h6 8. Bxf6
Qxf6 9. Nd5 Qf7 10. Nb6 Qf4 11. Nxa8 Qxe4+ 12. Qe2 Qf5 13. Nxc7+ Ke7 14. O-O a6
15. Rad1 1-0

[Event "AUTO-ADV-2797"]
[Site "http://www.queenalice.com/game.php?id=1164268"]
[Date "2013.3.24"]
[Round "1"]
[White "Peninha"]
[Black "pawnforme"]
[Result "0-1"]
[WhiteElo "1645"]
[BlackElo "1927"]

1. e4 c5 2. Nc3 Nc6 3. Nf3 e6 4. d3 Nge7 5. Bd2 Ng6 6. Be3 Be7 7. Ng5 Bxg5 8.
Bxc5 Be7 9. Bxe7 Qxe7 10. Nb5 O-O 11. c3 d6 12. g3 a6 13. Nd4 Nxd4 14. cxd4 d5
15. e5 Qb4+ 16. Qd2 Qxd2+ 17. Kxd2 Bd7 18. b3 Ne7 19. Bh3 Nc6 20. Ke3 f5 21.
Rab1 Rab8 22. f4 Rbc8 23. Rbc1 Na7 24. Rhg1 Nb5 25. g4 Rxc1 26. Rxc1 fxg4 27.
Bxg4 Na7 28. Rc7 Bc8 29. a4 Rd8 30. b4 Re8 31. h4 g6 0-1

[Event "AUTO-ADV-2797"]
[Site "http://www.queenalice.com/game.php?id=1164269"]
[Date "2013.3.24"]
[Round "1"]
[White "pawnforme"]
[Black "Peninha"]
[Result "1-0"]
[WhiteElo "1932"]
[BlackElo "1595"]

1. d4 d5 2. c4 dxc4 3. e4 Nf6 4. Nc3 Nc6 5. Nf3 e6 6. Bxc4 h6 7. O-O a6 8. Re1
Be7 9. e5 Ng4 10. a3 O-O 11. h3 Nxf2 12. Kxf2 b6 13. Be3 Na5 14. Ba2 b5 15. b4
Nc4 16. Bxc4 bxc4 17. Qe2 a5 18. Qxc4 a4 19. Kg1 Bb7 20. Qe2 Ba6 21. Qd2 c6 22.
Nxa4 Bb7 23. Nc5 Bxc5 24. bxc5 Qd5 25. Red1 f6 26. Bxh6 gxh6 27. Qxh6 Qe4 28.
exf6 Qh7 29. Qg5+ Kh8 30. Ne5 Rg8 31. Qe3 Rad8 32. Rf1 1-0

[Event "AUTO-INT-2594"]
[Site "http://www.queenalice.com/game.php?id=1164392"]
[Date "2013.3.24"]
[Round "1"]
[White "Peninha"]
[Black "lordmago"]
[Result "0-1"]
[WhiteElo "1547"]
[BlackElo "1442"]

1. e4 e5 2. Nc3 Bb4 3. Nf3 Bxc3 4. dxc3 d6 5. Bc4 Nf6 6. Ng5 Be6 7. Bxe6 fxe6 8.
Nxe6 Qe7 9. Ng5 h6 10. Nf3 O-O 11. b4 Nxe4 12. Qd5+ Qf7 13. Qxe4 c6 14. Ba3 Qd5
15. Qxd5+ cxd5 16. b5 e4 17. Nh4 a6 18. Bxd6 Rf7 19. O-O axb5 20. Rab1 Nd7 21.
a3 Ra6 22. Bc7 Rxa3 23. Rxb5 Rxc3 0-1

[Event "AUTO-INT-2594"]
[Site "http://www.queenalice.com/game.php?id=1164393"]
[Date "2013.3.24"]
[Round "1"]
[White "lordmago"]
[Black "Peninha"]
[Result "1-0"]
[WhiteElo "1420"]
[BlackElo "1569"]

1. e4 e5 2. Nf3 Nc6 3. Bb5 a6 4. Bxc6 dxc6 5. d3 f6 6. Nc3 Ne7 7. O-O Ng6 8. d4
Bd6 9. dxe5 Nxe5 10. Nxe5 fxe5 11. f4 Bc5+ 12. Kh1 Bd7 13. Qh5+ g6 14. Qxe5+ Kf7
15. Qxc5 Be6 16. f5 gxf5 17. exf5 Bd7 18. Ne4 Re8 19. Qc4+ Kg7 20. b3 Qh4 21.
Bb2+ Kf8 22. Qc5+ Kf7 23. Qc4+ Kf8 24. Nf6 1-0

[Event "AUTO-INT-2594"]
[Site "http://www.queenalice.com/game.php?id=1164394"]
[Date "2013.3.24"]
[Round "1"]
[White "Peninha"]
[Black "lemoufflet"]
[Result "0-1"]
[WhiteElo "1592"]
[BlackElo "1685"]

1. e4 e5 2. Nf3 Nc6 3. Nc3 Nf6 4. d3 Bc5 5. h3 d5 6. Be3 d4 7. Bg5 dxc3 8. bxc3
h6 9. Be3 Ba3 10. d4 Qe7 11. Bb5 O-O 12. d5 Na5 13. O-O Nxe4 14. Qd3 a6 15. Bc4
b5 16. Bb3 Nd6 17. Rab1 e4 18. Qd4 exf3 19. g3 Bxh3 20. Rfd1 Bg2 0-1

[Event "AUTO-INT-2594"]
[Site "http://www.queenalice.com/game.php?id=1164395"]
[Date "2013.3.24"]
[Round "1"]
[White "lemoufflet"]
[Black "Peninha"]
[Result "1-0"]
[WhiteElo "1697"]
[BlackElo "1580"]

1. e4 e5 2. Qf3 Nf6 3. Ne2 Nc6 4. c3 Bc5 5. d4 exd4 6. cxd4 Bxd4 7. e5 Bxe5 8.
Nec3 Nd4 9. Qd3 d6 10. Be2 Bf5 11. Qd1 Nxe2 12. Qxe2 O-O 13. Nd2 Re8 14. Nce4 d5
15. f4 Bxf4 16. Qf3 Bxe4 17. Nxe4 Bxc1 18. Kf2 Nxe4+ 19. Kg1 1-0

[Event "AUTO-INT-2594"]
[Site "http://www.queenalice.com/game.php?id=1164396"]
[Date "2013.3.24"]
[Round "1"]
[White "Peninha"]
[Black "gremioimortal"]
[Result "0-1"]
[WhiteElo "1616"]
[BlackElo "1597"]

1. e4 e5 2. Nf3 f6 3. Nc3 c6 4. d4 c5 5. dxc5 Bxc5 6. Bc4 Ne7 7. b3 Qa5 8. Bd2
Qb6 9. Na4 Qc6 10. Nxc5 Qxc5 11. a3 a5 12. Be3 Qc6 13. Qd3 b6 14. Rd1 a4 15. b4
h6 16. b5 Qb7 17. O-O d6 18. Qxd6 Nd7 0-1

[Event "AUTO-INT-2594"]
[Site "http://www.queenalice.com/game.php?id=1164397"]
[Date "2013.3.24"]
[Round "1"]
[White "gremioimortal"]
[Black "Peninha"]
[Result "1-0"]
[WhiteElo "1579"]
[BlackElo "1634"]

1. e4 e5 2. Nc3 Nf6 3. f3 Nc6 4. Bc4 Nd4 5. g4 d6 6. Nh3 h6 7. g5 Nh5 8. f4 Nxf4
9. Nxf4 exf4 10. Bb5+ Nxb5 11. Nxb5 hxg5 12. Qe2 c6 13. Nd4 g6 14. e5 d5 15. e6
f6 16. a3 Bc5 17. e7 1-0